Statistics for Japanese Prefectures Quiz

Click here to take the quiz!

General Stats

  • This quiz has been taken 55 times
  • The average score is 29 of 47

Answer Stats

KanjiEnglish% Correct
大阪Ōsaka
87%
青森Aomori
83%
北海道Hokkaidō
83%
東京Tōkyō
83%
山口Yamaguchi
83%
広島Hiroshima
78%
長野Nagano
78%
石川Ishikawa
74%
神奈川Kanagawa
74%
京都Kyōto
74%
長崎Nagasaki
74%
秋田Akita
70%
福岡Fukuoka
70%
山形Yamagata
70%
福井Fukui
65%
福島Fukushima
65%
奈良Nara
65%
鳥取Tottori
65%
富山Toyama
65%
千葉Chiba
61%
岩手Iwate
61%
香川Kagawa
61%
三重Mie
61%
岡山
Okayama
61%
埼玉Saitama
61%
徳島
Tokushima
61%
和歌山Wakayama
61%
山梨Yamanashi
61%
愛知Aichi
57%
群馬Gunma
57%
新潟
Niigata
57%
沖縄
Okinawa
57%
佐賀Saga
57%
鹿児島Kagoshima
52%
熊本Kumamoto
52%
宮崎Miyazaki
52%
大分Ōita
52%
島根Shimane
52%
静岡
Shizuoka
52%
岐阜Gifu
48%
兵庫Hyōgo
48%
宮城Miyagi
48%
高知Kōchi
43%
滋賀Shiga
43%
茨城Ibaraki
39%
栃木Tochigi
39%
愛媛Ehime
35%

Score Distribution

Percentile by Number Answered

Percent of People with Each Score

Your Score History

You have not taken this quiz